[Event "Turkish Cup 2022"]
[Site "Sakarya"]
[Date "2022.03.30"]
[Round "8.39"]
[White "Anacak, Hasan Gunes"]
[Black "Elmas, Mustafa"]
[Result "1-0"]
[WhiteElo "1798"]
[BlackElo "1614"]
[Annotator "NA"]
[PlyCount "67"]
[EventDate "2022.03.25"]
[EventType "swiss"]
[EventCountry "TUR"]
[SourceTitle "playchess.com"]
[Source "ChessBase"]
[SourceQuality "1"]
[TimeControl "5400+30"]

1. e4 {[%emt 0:02:00]} c5 {[%emt 0:01:00]} 2. Nf3 {[%emt 0:00:30]} d6 {[%emt 0:00:30]} 3. d4 {[%emt 0:00:30]} cxd4 {[%emt 0:00:00]} 4. Nxd4 {[%emt 0:00:30]} Nf6 {[%emt 0:00:00]} 5. Nc3 {[%emt 0:00:00]} a6 {[%emt 0:00:00]} 6. Rg1 {[%emt 0:02:00]} e5 {[%emt 0:00:00]} 7. Nb3 {[%emt 0:00:30]} Be6 {[%emt 0:00:00]} 8. g4 {[%emt 0:05:30]} h6 {[%emt 0:01:00]} 9. Be3 {[%emt 0:01:30]} Be7 {[%emt 0:04:30]} 10. Qe2 {[%emt 0:09:30]} b5 {[%emt 0:00:30]} 11. O-O-O {[%emt 0:02:30]} Qc7 {[%emt 0:02:30]} 12. Kb1 {[%emt 0:01:30]} Nbd7 {[%emt 0:00:30]} 13. h4 {[%emt 0:20:30]} Bc4 {[%emt 0:00:30]} 14. Qf3 {[%emt 0:04:30]} b4 {[%emt 0:01:30]} 15. Nd5 {[%emt 0:02:30]} Nxd5 {[%emt 0:01:30]} 16. exd5 {[%emt 0:00:30]} Bxf1 {[%emt 0:08:30]} 17. Rdxf1 {[%emt 0:03:30]} Rc8 {[%emt 0:00:30]} 18. Rc1 {[%emt 0:04:30]} Qd8 {[%emt 0:08:30]} 19. g5 {[%emt 0:04:30]} hxg5 {[%emt 0:00:00]} 20. hxg5 {[%emt 0:00:30]} g6 {[%emt 0:01:00]} 21. Nd2 {[%emt 0:05:30]} a5 {[%emt 0:03:30]} 22. Ne4 {[%emt 0:11:55]} a4 {[%emt 0:00:30]} 23. Rh1 {[%emt 0:01:58]} Rf8 {[%emt 0:02:30]} 24. c3 {[%emt 0:04:01]} bxc3 {[%emt 0:01:30]} 25. Nxc3 {[%emt 0:00:19]} Qa5 {[%emt 0:05:30]} 26. Rh4 {[%emt 0:06:04]} Nc5 {[%emt 0:06:30]} 27. Rc4 {[%emt 0:00:54]} a3 {[%emt 0:04:30]} 28. b3 {[%emt 0:00:18]} Rb8 {[%emt 0:00:30]} 29. Bxc5 {[%emt 0:00:08]} dxc5 {[%emt 0:00:30]} 30. Ne4 {[%emt 0:03:04]} Bxg5 {[%emt 0:10:30]} 31. Rxc5 {[%emt 0:00:30]} Qd8 {[%emt 0:02:30]} 32. R1c4 {[%emt 0:03:43]} Be7 {[%emt 0:01:30]} 33. d6 {[%emt 0:00:19]} Bg5 {[%emt 0:01:30]} 34. Rxe5+ {[%emt 0:00:14]} 1-0

[Event "Turkish Cup 2022"]
[Site "Sakarya"]
[Date "2022.03.30"]
[Round "8.40"]
[White "Selvi, Kaan"]
[Black "Pehlivan, Mert"]
[Result "1/2-1/2"]
[WhiteElo "1823"]
[BlackElo "1573"]
[Annotator "NA"]
[PlyCount "73"]
[EventDate "2022.03.25"]
[EventType "swiss"]
[EventCountry "TUR"]
[SourceTitle "playchess.com"]
[Source "ChessBase"]
[SourceQuality "1"]
[TimeControl "5400+30"]

1. e4 {[%emt 0:01:00]} c5 {[%emt 0:01:00]} 2. Nf3 {[%emt 0:00:30]} e6 {[%emt 0:00:30]} 3. d4 {[%emt 0:00:00]} cxd4 {[%emt 0:00:00]} 4. Nxd4 {[%emt 0:01:00]} a6 {[%emt 0:00:00]} 5. Nc3 {[%emt 0:00:30]} Qc7 {[%emt 0:00:30]} 6. g3 {[%emt 0:01:30]} Nf6 {[%emt 0:02:30]} 7. Bg2 {[%emt 0:03:30]} Bb4 {[%emt 0:01:30]} 8. Bd2 {[%emt 0:02:30]} Nc6 {[%emt 0:04:30]} 9. Nb3 {[%emt 0:03:30]} O-O {[%emt 0:05:30]} 10. a3 {[%emt 0:01:30]} Be7 {[%emt 0:01:30]} 11. O-O {[%emt 0:01:30]} Ne5 {[%emt 0:04:30]} 12. f4 {[%emt 0:10:30]} Nc4 {[%emt 0:01:30]} 13. Bc1 {[%emt 0:00:30]} Rb8 {[%emt 0:10:30]} 14. g4 {[%emt 0:19:30]} b5 {[%emt 0:10:30]} 15. g5 {[%emt 0:03:30]} Ne8 {[%emt 0:01:30]} 16. Rf3 {[%emt 0:05:30]} f6 {[%emt 0:07:30]} 17. h4 {[%emt 0:11:30]} Bb7 {[%emt 0:09:30]} 18. Rd3 {[%emt 0:04:30]} Rd8 {[%emt 0:07:30]} 19. Qe2 {[%emt 0:13:00]} f5 {[%emt 0:07:30]} 20. e5 {[%emt 0:06:48]} Bxg2 {[%emt 0:00:30]} 21. Kxg2 {[%emt 0:02:29]} Qb7+ {[%emt 0:03:23]} 22. Qf3 {[%emt 0:01:45]} Qxf3+ {[%emt 0:00:22]} 23. Rxf3 {[%emt 0:01:13]} Kf7 {[%emt 0:03:10]} 24. Nd4 {[%emt 0:00:49]} Bc5 {[%emt 0:02:11]} 25. Nde2 {[%emt 0:01:09]} Nc7 {[%emt 0:03:01]} 26. b3 {[%emt 0:01:08]} Nb6 {[%emt 0:00:45]} 27. Bb2 {[%emt 0:01:39]} Ncd5 {[%emt 0:01:47]} 28. Nxd5 {[%emt 0:00:19]} Nxd5 {[%emt 0:00:10]} 29. Nd4 {[%emt 0:01:01]} Rc8 {[%emt 0:01:38]} 30. Rc1 {[%emt 0:00:08]} Bxd4 {[%emt 0:01:48]} 31. Bxd4 {[%emt 0:00:30]} Rc6 {[%emt 0:00:17]} 32. Kg3 {[%emt 0:01:22]} Rfc8 {[%emt 0:00:45]} 33. c3 {[%emt 0:00:01]} a5 {[%emt 0:01:07]} 34. Rd1 {[%emt 0:00:47]} Ke8 {[%emt 0:02:25]} 35. Rdd3 {[%emt 0:00:01]} a4 {[%emt 0:00:56]} 36. b4 {[%emt 0:00:39]} Rc4 {[%emt 0:00:40]} 37. Kf2 {[%emt 0:01:01]} 1/2-1/2

[Event "Turkish Cup 2022"]
[Site "Sakarya"]
[Date "2022.03.30"]
[Round "8.41"]
[White "Kurdas, Halil Ibrahim"]
[Black "Ulu, Ekrem"]
[Result "0-1"]
[WhiteElo "1850"]
[BlackElo "1692"]
[Annotator "NA"]
[PlyCount "172"]
[EventDate "2022.03.25"]
[EventType "swiss"]
[EventCountry "TUR"]
[SourceTitle "playchess.com"]
[Source "ChessBase"]
[SourceQuality "1"]
[TimeControl "5400+30"]

1. Nf3 {[%emt 0:01:00]} d5 {[%emt 0:06:00]} 2. g3 {[%emt 0:00:30]} Bf5 {[%emt 0:02:30]} 3. Bg2 {[%emt 0:00:30]} e6 {[%emt 0:00:30]} 4. d4 {[%emt 0:01:30]} Nd7 {[%emt 0:01:30]} 5. Bf4 {[%emt 0:00:30]} Ngf6 {[%emt 0:00:00]} 6. O-O {[%emt 0:00:30]} Be7 {[%emt 0:04:00]} 7. c4 {[%emt 0:00:30]} c6 {[%emt 0:00:30]} 8. Nbd2 {[%emt 0:01:30]} Ne4 {[%emt 0:00:30]} 9. Qb3 {[%emt 0:06:30]} g5 {[%emt 0:06:30]} 10. Be3 {[%emt 0:00:30]} Rb8 {[%emt 0:05:30]} 11. Ne5 {[%emt 0:02:30]} Nxd2 {[%emt 0:06:30]} 12. Bxd2 {[%emt 0:00:30]} Nxe5 {[%emt 0:24:30]} 13. dxe5 {[%emt 0:00:30]} dxc4 {[%emt 0:05:30]} 14. Qc3 {[%emt 0:03:30]} Qc7 {[%emt 0:00:30]} 15. Qxc4 {[%emt 0:00:30]} Rd8 {[%emt 0:00:30]} 16. Rad1 {[%emt 0:01:30]} O-O {[%emt 0:00:30]} 17. Bc3 {[%emt 0:04:30]} Rxd1 {[%emt 0:03:30]} 18. Rxd1 {[%emt 0:01:30]} Rd8 {[%emt 0:00:00]} 19. Rf1 {[%emt 0:00:30]} Qb6 {[%emt 0:06:00]} 20. b4 {[%emt 0:01:30]} Rd7 {[%emt 0:08:57]} 21. a4 {[%emt 0:02:30]} Qd8 {[%emt 0:00:15]} 22. Qb3 {[%emt 0:00:30]} Bg4 {[%emt 0:03:06]} 23. Qc2 {[%emt 0:04:30]} Bf5 {[%emt 0:00:33]} 24. e4 {[%emt 0:01:30]} Bg6 {[%emt 0:00:08]} 25. a5 {[%emt 0:00:30]} a6 {[%emt 0:04:46]} 26. f4 {[%emt 0:01:30]} Bh5 {[%emt 0:05:47]} 27. h3 {[%emt 0:06:30]} gxf4 {[%emt 0:00:50]} 28. gxf4 {[%emt 0:01:30]} Rd1 {[%emt 0:00:11]} 29. f5 {[%emt 0:00:30]} Rxf1+ {[%emt 0:01:21]} 30. Bxf1 {[%emt 0:00:30]} Qd1 {[%emt 0:00:25]} 31. Qg2+ {[%emt 0:02:30]} Kh8 {[%emt 0:00:59]} 32. f6 {[%emt 0:07:30]} Bf8 {[%emt 0:00:02]} 33. Bd2 {[%emt 0:04:30]} Bf3 {[%emt 0:02:05]} 34. Qf2 {[%emt 0:13:30]} Bxe4 {[%emt 0:00:07]} 35. Qe3 {[%emt 0:04:30]} Qf3 {[%emt 0:00:12]} 36. Qxf3 {[%emt 0:00:30]} Bxf3 {[%emt 0:00:30]} 37. Kf2 {[%emt 0:00:00]} Bd5 {[%emt 0:00:51]} 38. Bd3 {[%emt 0:01:00]} c5 {[%emt 0:00:32]} 39. bxc5 {[%emt 0:01:30]} Bxc5+ {[%emt 0:00:30]} 40. Be3 {[%emt 0:00:30]} Bb4 {[%emt 0:00:30]} 41. Bb6 {[%emt 0:00:30]} Bc3 {[%emt 0:00:30]} 42. Bc7 {[%emt 0:00:30]} Bd4+ {[%emt 0:00:30]} 43. Kg3 {[%emt 0:00:30]} h6 {[%emt 0:00:30]} 44. Be2 {[%emt 0:00:00]} Kg8 {[%emt 0:01:10]} 45. Bf3 {[%emt 0:01:00]} Bxf3 {[%emt 0:01:43]} 46. Kxf3 {[%emt 0:00:00]} Kf8 {[%emt 0:00:28]} 47. Ke4 {[%emt 0:00:00]} Bf2 {[%emt 0:00:20]} 48. Kd3 {[%emt 0:01:30]} Ke8 {[%emt 0:00:08]} 49. Bd6 {[%emt 0:00:30]} Kd7 {[%emt 0:00:02]} 50. Bb4 {[%emt 0:04:30]} Kc6 {[%emt 0:00:14]} 51. Kc4 {[%emt 0:00:30]} b5+ {[%emt 0:01:51]} 52. axb6 {[%emt 0:00:30]} Kxb6 {[%emt 0:00:00]} 53. Bd2 {[%emt 0:00:30]} h5 {[%emt 0:00:00]} 54. Bc3 {[%emt 0:00:00]} Kc6 {[%emt 0:00:22]} 55. Bb4 {[%emt 0:00:00]} Kb6 {[%emt 0:01:10]} 56. Ba3 {[%emt 0:01:30]} Be1 {[%emt 0:00:46]} 57. Bc5+ {[%emt 0:00:30]} Kc6 {[%emt 0:00:36]} 58. Bd4 {[%emt 0:00:30]} a5 {[%emt 0:00:00]} 59. Bc5 {[%emt 0:00:45]} Bb4 {[%emt 0:00:20]} 60. Bd4 {[%emt 0:01:29]} Be1 {[%emt 0:00:11]} 61. Bc5 {[%emt 0:00:49]} Bg3 {[%emt 0:00:11]} 62. Bd4 {[%emt 0:03:58]} Be1 {[%emt 0:00:30]} 63. Bc5 {[%emt 0:00:09]} Bd2 {[%emt 0:00:00]} 64. Bd4 {[%emt 0:00:44]} Bc1 $19 {[%emt 0:00:00]} 65. Kb3 {[%emt 0:10:23]} Kd5 {[%emt 0:00:25]} 66. Bc3 {[%emt 0:00:00]} Bf4 {[%emt 0:00:16]} 67. Bxa5 {[%emt 0:00:13]} Bxe5 {[%emt 0:00:00]} 68. Bd8 {[%emt 0:00:09]} Ke4 {[%emt 0:00:20]} 69. Kc4 {[%emt 0:00:00]} Kf5 {[%emt 0:00:00]} 70. Kd3 {[%emt 0:00:08]} Bxf6 {[%emt 0:00:20]} 71. Bb6 {[%emt 0:00:00]} Kf4 {[%emt 0:00:41]} 72. Bc7+ {[%emt 0:00:11]} Be5 {[%emt 0:00:36]} 73. Bd8 {[%emt 0:00:16]} Bd6 {[%emt 0:01:11]} 74. Ke2 {[%emt 0:00:18]} Kg3 {[%emt 0:00:34]} 75. h4 {[%emt 0:00:30]} f5 {[%emt 0:00:30]} 76. Bf6 {[%emt 0:00:00]} f4 {[%emt 0:01:50]} 77. Bg5 {[%emt 0:00:07]} e5 {[%emt 0:00:30]} 78. Bf6 {[%emt 0:00:30]} e4 {[%emt 0:00:30]} 79. Bg5 {[%emt 0:00:00]} Bc5 {[%emt 0:00:00]} 80. Bf6 {[%emt 0:00:00]} f3+ {[%emt 0:00:22]} 81. Kf1 {[%emt 0:00:00]} e3 {[%emt 0:00:03]} 82. Be5+ {[%emt 0:00:23]} Kxh4 {[%emt 0:00:45]} 83. Bc3 {[%emt 0:00:30]} Kg4 {[%emt 0:00:30]} 84. Bd2 {[%emt 0:00:11]} h4 {[%emt 0:01:13]} 85. Bc3 {[%emt 0:00:30]} h3 {[%emt 0:00:12]} 86. Kg1 {[%emt 0:00:00]} f2+ {[%emt 0:01:21]} 0-1

[Event "Turkish Cup 2022"]
[Site "Sakarya"]
[Date "2022.03.30"]
[Round "8.43"]
[White "Hatirli, Ugur Can"]
[Black "Ocakoglu, Orhan Kemal"]
[Result "1-0"]
[WhiteElo "1818"]
[BlackElo "1482"]
[Annotator "NA"]
[PlyCount "147"]
[EventDate "2022.03.25"]
[EventType "swiss"]
[EventCountry "TUR"]
[SourceTitle "playchess.com"]
[Source "ChessBase"]
[SourceQuality "1"]
[TimeControl "5400+30"]

1. c4 {[%emt 0:01:00]} c5 {[%emt 0:01:00]} 2. g3 {[%emt 0:00:30]} g6 {[%emt 0:01:30]} 3. Bg2 {[%emt 0:00:30]} Bg7 {[%emt 0:00:30]} 4. Nc3 {[%emt 0:00:00]} Nc6 {[%emt 0:05:30]} 5. Nf3 {[%emt 0:00:00]} d6 {[%emt 0:01:30]} 6. O-O {[%emt 0:00:30]} Nf6 {[%emt 0:04:30]} 7. d4 {[%emt 0:00:30]} cxd4 {[%emt 0:00:30]} 8. Nxd4 {[%emt 0:00:00]} Bd7 {[%emt 0:00:00]} 9. b3 {[%emt 0:03:00]} O-O {[%emt 0:11:00]} 10. Bb2 {[%emt 0:02:30]} Nxd4 {[%emt 0:00:30]} 11. Qxd4 {[%emt 0:02:30]} Ng4 {[%emt 0:08:30]} 12. Qd2 {[%emt 0:04:30]} Bc6 {[%emt 0:00:30]} 13. e4 {[%emt 0:00:30]} Qa5 {[%emt 0:01:30]} 14. h3 {[%emt 0:01:30]} Nf6 {[%emt 0:00:30]} 15. Rad1 {[%emt 0:00:30]} a6 {[%emt 0:06:30]} 16. Nd5 {[%emt 0:02:30]} Qd8 {[%emt 0:07:30]} 17. Nxf6+ {[%emt 0:00:30]} exf6 {[%emt 0:02:30]} 18. Qxd6 {[%emt 0:08:30]} Qa5 {[%emt 0:00:30]} 19. Qa3 {[%emt 0:00:30]} Qg5 {[%emt 0:04:30]} 20. Bc1 {[%emt 0:02:30]} Qh5 {[%emt 0:01:30]} 21. Bf4 {[%emt 0:02:30]} Rfe8 {[%emt 0:01:30]} 22. g4 {[%emt 0:01:30]} Qh4 {[%emt 0:00:30]} 23. Bg3 {[%emt 0:01:30]} Qh6 {[%emt 0:00:30]} 24. Rfe1 {[%emt 0:04:30]} Rad8 {[%emt 0:08:30]} 25. Qa5 {[%emt 0:02:30]} Rxd1 {[%emt 0:12:26]} 26. Rxd1 {[%emt 0:00:30]} Qg5 {[%emt 0:01:12]} 27. Qb6 {[%emt 0:05:30]} f5 {[%emt 0:03:44]} 28. exf5 {[%emt 0:01:30]} Bxg2 {[%emt 0:00:49]} 29. Kxg2 {[%emt 0:00:30]} gxf5 {[%emt 0:00:07]} 30. Rd5 {[%emt 0:00:30]} Qe7 {[%emt 0:03:09]} 31. Rxf5 {[%emt 0:00:30]} Qe4+ {[%emt 0:00:27]} 32. Rf3 {[%emt 0:02:30]} Re6 {[%emt 0:07:38]} 33. Qd8+ {[%emt 0:01:30]} Bf8 {[%emt 0:00:19]} 34. Qg5+ {[%emt 0:00:30]} Rg6 {[%emt 0:00:50]} 35. Qf5 {[%emt 0:00:00]} Qe7 {[%emt 0:00:14]} 36. Bh4 {[%emt 0:01:00]} Qc7 {[%emt 0:00:14]} 37. Bd8 {[%emt 0:00:30]} Qxd8 {[%emt 0:01:35]} 38. Qxf7+ {[%emt 0:00:30]} Kh8 {[%emt 0:00:30]} 39. Qxf8+ {[%emt 0:00:30]} Qxf8 {[%emt 0:00:30]} 40. Rxf8+ {[%emt 0:00:00]} Kg7 {[%emt 0:00:00]} 41. Rb8 {[%emt 0:00:00]} b6 {[%emt 0:00:00]} 42. Rb7+ {[%emt 0:00:00]} Kh6 {[%emt 0:00:00]} 43. Kg3 {[%emt 0:00:00]} Rd6 {[%emt 0:00:00]} 44. Ra7 {[%emt 0:00:00]} a5 {[%emt 0:00:47]} 45. Ra6 {[%emt 0:00:00]} Rc6 {[%emt 0:00:25]} 46. f4 {[%emt 0:00:30]} Kg6 {[%emt 0:00:30]} 47. c5 {[%emt 0:00:30]} Rxc5 {[%emt 0:00:00]} 48. Rxb6+ {[%emt 0:00:00]} Kg7 {[%emt 0:00:22]} 49. g5 {[%emt 0:00:00]} Rc2 {[%emt 0:00:15]} 50. a4 {[%emt 0:00:00]} Rd2 {[%emt 0:00:24]} 51. Kg4 {[%emt 0:00:00]} Rd4 {[%emt 0:00:30]} 52. Rb5 {[%emt 0:00:30]} Rd3 {[%emt 0:00:30]} 53. h4 {[%emt 0:00:30]} Kf7 {[%emt 0:00:30]} 54. Rb7+ {[%emt 0:00:30]} Kg8 {[%emt 0:00:30]} 55. h5 {[%emt 0:00:30]} Rd5 {[%emt 0:00:30]} 56. h6 {[%emt 0:00:30]} Rc5 {[%emt 0:00:30]} 57. Rb5 {[%emt 0:00:30]} Rc3 {[%emt 0:00:30]} 58. Rb8+ {[%emt 0:00:30]} Kf7 {[%emt 0:00:30]} 59. Rb7+ {[%emt 0:00:30]} Kg8 {[%emt 0:00:30]} 60. Rg7+ {[%emt 0:00:30]} Kh8 {[%emt 0:00:30]} 61. Ra7 {[%emt 0:00:30]} Kg8 {[%emt 0:00:30]} 62. Rxa5 {[%emt 0:00:30]} Rxb3 {[%emt 0:00:30]} 63. Rb5 {[%emt 0:00:00]} Ra3 {[%emt 0:00:00]} 64. a5 {[%emt 0:00:00]} Ra1 {[%emt 0:00:00]} 65. Kf5 {[%emt 0:00:00]} Kf8 {[%emt 0:00:37]} 66. Kf6 {[%emt 0:00:00]} Ke8 {[%emt 0:01:43]} 67. g6 {[%emt 0:00:00]} hxg6 {[%emt 0:00:48]} 68. h7 {[%emt 0:00:00]} g5 {[%emt 0:00:53]} 69. h8=Q+ {[%emt 0:00:00]} Kd7 {[%emt 0:00:30]} 70. Rd5+ {[%emt 0:00:00]} Kc6 {[%emt 0:00:00]} 71. Qa8+ {[%emt 0:00:00]} Kc7 {[%emt 0:00:00]} 72. Qa7+ {[%emt 0:00:00]} Kc8 {[%emt 0:00:00]} 73. Rc5+ {[%emt 0:00:00]} Kd8 {[%emt 0:00:21]} 74. Qe7# {[%emt 0:00:00]} 1-0

[Event "Turkish Cup 2022"]
[Site "Sakarya"]
[Date "2022.03.30"]
[Round "8.44"]
[White "Arslan, Tayfun"]
[Black "Serbulent, Huseyin"]
[Result "1/2-1/2"]
[WhiteElo "1512"]
[BlackElo "1775"]
[Annotator "NA"]
[PlyCount "85"]
[EventDate "2022.03.25"]
[EventType "swiss"]
[EventCountry "TUR"]
[SourceTitle "playchess.com"]
[Source "ChessBase"]
[SourceQuality "1"]
[TimeControl "5400+30"]

1. e4 {[%emt 0:01:00]} g6 {[%emt 0:01:00]} 2. d4 {[%emt 0:00:30]} Bg7 {[%emt 0:00:30]} 3. f4 {[%emt 0:00:00]} d5 {[%emt 0:00:30]} 4. e5 {[%emt 0:00:00]} Nh6 {[%emt 0:00:30]} 5. Nf3 {[%emt 0:00:30]} O-O {[%emt 0:00:30]} 6. Bd3 {[%emt 0:00:00]} c5 {[%emt 0:00:30]} 7. c3 {[%emt 0:00:00]} cxd4 {[%emt 0:00:30]} 8. cxd4 {[%emt 0:00:30]} Nc6 {[%emt 0:00:30]} 9. O-O {[%emt 0:00:30]} Bg4 {[%emt 0:01:30]} 10. h3 {[%emt 0:04:30]} Bxf3 {[%emt 0:00:30]} 11. Qxf3 {[%emt 0:01:30]} Nxd4 {[%emt 0:00:30]} 12. Qf2 {[%emt 0:00:00]} Nc6 {[%emt 0:00:30]} 13. Kh1 {[%emt 0:02:00]} Nb4 {[%emt 0:01:30]} 14. Bb5 {[%emt 0:03:30]} Rc8 {[%emt 0:00:30]} 15. Na3 {[%emt 0:00:30]} a6 {[%emt 0:01:30]} 16. Be2 {[%emt 0:03:30]} Nc2 {[%emt 0:04:30]} 17. Nxc2 {[%emt 0:00:30]} Rxc2 {[%emt 0:00:30]} 18. g4 {[%emt 0:00:30]} e6 {[%emt 0:00:30]} 19. Qf3 {[%emt 0:03:30]} f6 {[%emt 0:07:30]} 20. Qd3 {[%emt 0:02:30]} Rc4 {[%emt 0:09:30]} 21. exf6 {[%emt 0:02:30]} Bxf6 {[%emt 0:00:30]} 22. g5 {[%emt 0:05:30]} Bxg5 {[%emt 0:02:30]} 23. fxg5 {[%emt 0:00:00]} Rxf1+ {[%emt 0:01:30]} 24. Bxf1 {[%emt 0:00:00]} Nf5 {[%emt 0:00:30]} 25. Be3 {[%emt 0:03:30]} Qc7 {[%emt 0:02:30]} 26. Bf2 {[%emt 0:23:30]} Qf4 {[%emt 0:02:30]} 27. Kg1 {[%emt 0:04:30]} Qxg5+ {[%emt 0:10:30]} 28. Kh1 {[%emt 0:04:30]} Rf4 {[%emt 0:03:30]} 29. Qc2 {[%emt 0:02:30]} d4 {[%emt 0:14:30]} 30. Re1 {[%emt 0:05:30]} Ng3+ {[%emt 0:09:30]} 31. Bxg3 {[%emt 0:02:30]} Qxg3 {[%emt 0:00:00]} 32. Qc8+ {[%emt 0:01:30]} Kg7 {[%emt 0:01:00]} 33. Qxb7+ {[%emt 0:00:30]} Kh6 {[%emt 0:05:27]} 34. Rd1 {[%emt 0:03:30]} Rf2 {[%emt 0:03:07]} 35. Bg2 {[%emt 0:00:30]} d3 {[%emt 0:00:00]} 36. Qe4 {[%emt 0:10:23]} Re2 {[%emt 0:03:48]} 37. Qf3 {[%emt 0:00:33]} Re1+ {[%emt 0:01:04]} 38. Rxe1 {[%emt 0:00:30]} Qxe1+ {[%emt 0:00:00]} 39. Kh2 {[%emt 0:00:22]} d2 {[%emt 0:02:01]} 40. Qf4+ {[%emt 0:00:50]} Kg7 {[%emt 0:00:29]} 41. Qc7+ {[%emt 0:00:09]} Kf8 {[%emt 0:02:40]} 42. Qd8+ {[%emt 0:00:15]} Kg7 {[%emt 0:01:10]} 43. Qc7+ {[%emt 0:00:02]} 1/2-1/2

[Event "Turkish Cup 2022"]
[Site "Sakarya"]
[Date "2022.03.30"]
[Round "8.45"]
[White "Aysoy, Veysi"]
[Black "Er, Mira"]
[Result "1-0"]
[WhiteElo "1811"]
[BlackElo "1415"]
[Annotator "NA"]
[PlyCount "51"]
[EventDate "2022.03.25"]
[EventType "swiss"]
[EventCountry "TUR"]
[SourceTitle "playchess.com"]
[Source "ChessBase"]
[SourceQuality "1"]
[TimeControl "5400+30"]

1. f4 {[%emt 0:01:00]} e5 {[%emt 0:01:00]} 2. fxe5 {[%emt 0:04:30]} d6 {[%emt 0:00:30]} 3. exd6 {[%emt 0:02:30]} Bxd6 {[%emt 0:00:30]} 4. Nf3 {[%emt 0:00:30]} Nf6 {[%emt 0:00:00]} 5. d4 {[%emt 0:02:30]} Ng4 {[%emt 0:01:00]} 6. g3 {[%emt 0:03:30]} Nxh2 {[%emt 0:00:30]} 7. Rxh2 {[%emt 0:00:30]} Bxg3+ {[%emt 0:00:30]} 8. Rf2 {[%emt 0:00:00]} Bxf2+ {[%emt 0:00:30]} 9. Kxf2 {[%emt 0:00:00]} Bg4 {[%emt 0:00:30]} 10. Bf4 {[%emt 0:05:30]} Nc6 {[%emt 0:02:30]} 11. d5 {[%emt 0:14:30]} Ne7 {[%emt 0:00:30]} 12. Nc3 {[%emt 0:03:30]} Ng6 {[%emt 0:00:30]} 13. Bg3 {[%emt 0:01:30]} O-O {[%emt 0:13:30]} 14. Bg2 {[%emt 0:05:30]} f5 {[%emt 0:04:30]} 15. Kg1 {[%emt 0:03:30]} f4 {[%emt 0:01:30]} 16. Bf2 {[%emt 0:05:30]} Rf5 {[%emt 0:02:30]} 17. Qd4 {[%emt 0:04:30]} h5 {[%emt 0:04:30]} 18. Kh2 {[%emt 0:05:30]} h4 {[%emt 0:02:30]} 19. Rg1 {[%emt 0:03:30]} Qd7 {[%emt 0:12:30]} 20. Bh1 {[%emt 0:03:30]} Rh5 {[%emt 0:03:30]} 21. Bg2 {[%emt 0:05:30]} Rf5 {[%emt 0:08:30]} 22. Bf1 {[%emt 0:03:30]} Rh5 {[%emt 0:01:30]} 23. Rxg4 {[%emt 0:03:19]} Ne5 {[%emt 0:03:30]} 24. Nxe5 {[%emt 0:02:13]} Rxe5 {[%emt 0:00:00]} 25. Qxe5 {[%emt 0:01:46]} Qxg4 {[%emt 0:00:00]} 26. Bh3 {[%emt 0:01:06]} 1-0

[Event "Turkish Cup 2022"]
[Site "Sakarya"]
[Date "2022.03.30"]
[Round "8.46"]
[White "Zaimov, Berk"]
[Black "Gok, Emre"]
[Result "0-1"]
[WhiteElo "1498"]
[BlackElo "1745"]
[Annotator "NA RC"]
[PlyCount "90"]
[EventDate "2022.03.25"]
[EventType "swiss"]
[EventCountry "TUR"]
[SourceTitle "playchess.com"]
[Source "ChessBase"]
[SourceQuality "1"]
[TimeControl "5400+30"]

1. e4 {[%emt 0:06:00]} Nf6 {[%emt 0:01:00]} 2. e5 {[%emt 0:00:30]} Nd5 {[%emt 0:00:30]} 3. d4 {[%emt 0:00:30]} d6 {[%emt 0:00:30]} 4. Nf3 {[%emt 0:00:30]} Bg4 {[%emt 0:00:30]} 5. exd6 {[%emt 0:00:30]} exd6 {[%emt 0:00:00]} 6. c4 {[%emt 0:02:30]} Nb6 {[%emt 0:00:00]} 7. Be2 {[%emt 0:04:30]} Be7 {[%emt 0:00:00]} 8. Bd2 {[%emt 0:08:30]} O-O {[%emt 0:00:00]} 9. b3 {[%emt 0:00:30]} Nc6 {[%emt 0:00:30]} 10. Bc3 {[%emt 0:00:30]} Bf6 {[%emt 0:03:30]} 11. O-O {[%emt 0:00:30]} a5 {[%emt 0:04:30]} 12. a4 {[%emt 0:00:00]} d5 {[%emt 0:06:30]} 13. c5 {[%emt 0:01:00]} Nd7 {[%emt 0:02:30]} 14. Qd2 {[%emt 0:12:30]} Re8 {[%emt 0:02:30]} 15. Ra2 {[%emt 0:00:00]} Nf8 {[%emt 0:15:30]} 16. Na3 {[%emt 0:04:00]} Ne6 {[%emt 0:10:30]} 17. Nb5 {[%emt 0:08:30]} Ng5 {[%emt 0:07:30]} 18. Qf4 {[%emt 0:06:30]} Rxe2 {[%emt 0:12:30]} 19. Rxe2 {[%emt 0:03:30]} Bxf3 {[%emt 0:00:30]} 20. Re3 {[%emt 0:01:30]} Be4 {[%emt 0:01:30]} 21. Rfe1 {[%emt 0:17:30]} Ne6 {[%emt 0:01:30]} 22. Qg4 {[%emt 0:01:34]} Bg6 {[%emt 0:08:30]} 23. f4 {[%emt 0:06:38]} Ncxd4 {[%emt 0:05:27]} 24. Bxd4 {[%emt 0:11:06]} Bxd4 {[%emt 0:05:19]} 25. Nxd4 {[%emt 0:00:14]} Nxd4 {[%emt 0:00:02]} 26. Re8+ {[%emt 0:00:42]} Qxe8 {[%emt 0:00:01]} 27. Rxe8+ {[%emt 0:00:00]} Rxe8 {[%emt 0:00:31]} 28. Qd7 {[%emt 0:00:00]} Rb8 {[%emt 0:07:56]} 29. Qxc7 {[%emt 0:00:24]} Nc6 {[%emt 0:00:24]} 30. g4 {[%emt 0:01:16]} Bc2 {[%emt 0:00:15]} 31. f5 {[%emt 0:01:11]} Bxb3 {[%emt 0:01:31]} 32. g5 {[%emt 0:00:32]} d4 {[%emt 0:01:34]} 33. Kf1 {[%emt 0:00:09]} Bxa4 {[%emt 0:00:27]} 34. f6 {[%emt 0:01:01]} Bb3 {[%emt 0:00:22]} 35. h4 {[%emt 0:00:25]} a4 {[%emt 0:00:24]} 36. h5 {[%emt 0:00:25]} a3 {[%emt 0:00:22]} 37. g6 {[%emt 0:00:26]} hxg6 {[%emt 0:00:57]} 38. Qh2 {[%emt 0:02:38]} a2 {[%emt 0:00:46]} 39. Qb2 {[%emt 0:00:30]} Ra8 {[%emt 0:00:30]} 40. Qa1 {[%emt 0:00:00]} gxf6 {[%emt 0:00:00]} 41. Ke2 {[%emt 0:00:04]} gxh5 {[%emt 0:00:36]} 42. Kd2 {[%emt 0:00:18]} Be6 {[%emt 0:00:46]} 43. Kc1 {[%emt 0:00:37]} Ra5 {[%emt 0:00:15]} 44. Kb2 {[%emt 0:00:00]} Rb5+ {[%emt 0:00:24]} 45. Ka3 {[%emt 0:01:10]} Rb1 {[%emt 0:00:09]} 0-1